القارىء العادى : مقالات فى النقد الادبى (هدية من الاديب عبدالفتاح الجمل) / (Record no. 42180)
[ view plain ]
| 000 -الفاتح | |
|---|---|
| حقل البيانات ثابتة الطول | 00656nam a2200205Ia 4500 |
| 008 - عناصر البيانات ثابتة الطول - معلومات عامة | |
| حقل البيانات ثابتة الطول | 140319s9999 xx 000 0 ara d |
| 040 ## - مصدر الفهرسة | |
| وكالة الفهرسة الأصلية | GCL / |
| وكالة النسخ | GCL |
| 082 04 - رقم تصنيف ديوى العشرى | |
| رقم التصنيف | 801 |
| رقم المادة | و ق |
| 100 1# - المدخل الرئيسى - إسم شخصى | |
| الإسم الشخصى | سهير القلماوى |
| 245 10 - بيان العنوان | |
| العنوان | القارىء العادى : مقالات فى النقد الادبى (هدية من الاديب عبدالفتاح الجمل) / |
| بيان المسئوليه,etc | سهير القلماوى |
| 700 1# - المدخل الاضافى - اسم شخصى | |
| الإسم الشخصى | وولف , فرجينيا |
| 700 1# - المدخل الاضافى - اسم شخصى | |
| الإسم الشخصى | عقيلة رمضان |
| 300 ## - الوصف المادى | |
| التعداد | 247 ص |
| 490 ## - بيان السلسلة | |
| عنوان السلسلة | |
| 650 04 - المدخل الاضافى بالموضوع-مصطلح موضوعى | |
| مصطلح موضوعي | الادب - تاريخ ونقد |
| 650 04 - المدخل الاضافى بالموضوع-مصطلح موضوعى | |
| مصطلح موضوعي | تاريخ ونقد |
| 650 04 - المدخل الاضافى بالموضوع-مصطلح موضوعى | |
| مصطلح موضوعي | مقالات |
| 942 ## - عناصر المدخل الإضافي( كوها) | |
| مصدر التصنيف او مخطط الترفيف | Dewey Decimal Classification |
| Koha [default] item type | كتاب |
| حالة التراجع | حالة الفقد | حالة تلف | ليس للاعارة | المكان المؤقت | الموقع الحالى | تاريخ الاكتساب | اجمالي اﻻعارات | رقم الطلب | الباركود | تاريخ اخر مشاهدة | تاريخ تفعيل السعر | نوع وعاء كوها |
|---|---|---|---|---|---|---|---|---|---|---|---|---|
| مكتبة القاهرة الكبرى | مكتبة القاهرة الكبرى | 03/26/2014 | 801\و ق | 101954 | 03/26/2014 | 03/26/2014 | كتاب |

